Miasta w Polsce zakończone na -c na mapie - Statystyki

Ogólne statystyki
  • Ten quiz został rozwiązany 71 razy
  • Średni wynik to 14 z 27
Odpowiedzi na mapie
Odpowiedzi zakodowano w zielono-czerwonej skali na mapie do tego quizu, zgodnie z poniższymi procentami.
 
Statystyki odpowiedzi
Województwo Miasto % Poprawnych
Podkarpackie Mielec
83%
Śląskie Sosnowiec
80%
Dolnośląskie Zgorzelec
73%
Dolnośląskie Bolesławiec
70%
Łódzkie Bolesławiec
70%
Śląskie Żywiec
68%
Śląskie Lubliniec
67%
Mazowieckie Sierpc
63%
Wielkopolskie Wągrowiec
63%
Mazowieckie Grójec
53%
Mazowieckie Szydłowiec
53%
Warmińsko-mazurskie Biskupiec
47%
Świętokrzyskie Opatowiec
45%
Świętokrzyskie Połaniec
45%
Lubelskie Rejowiec
45%
Zachodniopomorskie Złocieniec
45%
Podlaskie Ciechanowiec
40%
Małopolskie Czarny Dunajec
40%
Wielkopolskie Poniec
40%
Dolnośląskie Węgliniec
40%
Mazowieckie Myszyniec
38%
Śląskie Ogrodzieniec
38%
Zachodniopomorskie Mirosławiec
37%
Dolnośląskie Nowogrodziec
35%
Lubelskie Piszczac
35%
Lubelskie Zwierzyniec
35%
Kujawsko-pomorskie Lubraniec
30%
Nie znaleziono quizów pasujących do podanych kryteriów
Rozkład punktacji
Procent ludzi z każdym wynikiem
Percentyl według liczby udzielonych odpowiedzi
Twoja historia wyników
Nie rozwiązałeś tego quizu